000
00206nam a22000857a 4500
008
161013b xxu||||| |||| 00| 0 eng d
100
_9
818
_a
Minnar.D
245
_a
Maak Jou eie Kaarjies
260
_a
Tofelberg
_c
1995
999
_c
3472
_d
3472